• 首页
  • 本馆介绍
  • 公告通知
  • 最新文献
  • 馆藏检索
  • 电子资源
  • 读者导购
  • 参考咨询
  • 我的图书馆
  • 登录
  • 详细信息显示
  • 放入我的书架
  • 预约/预借图书
  • 作者相关作品
  • 分类相关作品
  • 丛书相关作品
  • 出版社相关作品

书目信息

  • 表格格式
  • 工作单格式
  • 卡片格式
题名:
百分比数表
    
 
作者: 徐敏惠 编
分册:  
出版信息: 上海   上海财政经济出版社  1959.12
页数: 180页
开本: 20cm
丛书名:
单 册:
中图分类: O1-64
科图分类:
主题词: 数学
电子资源:
ISBN:
000 00512nam0 2200193 450
001 0662654015
005 20060727150229.48
010    @dCNY0.80
100    @a20060718d1959 km y0chiy0120 ea
101 0  @achi
102    @aCN@b310000
200 1  @a百分比数表@Abai fen bi shu biao@f徐敏惠编@Fxu min hui bian
210    @a上海@c上海财政经济出版社@d1959.12
215    @a180页@d20cm
606 0  @a数学
690    @aO1-64@v3
701  0 @a徐敏惠@Axu min hui@4编
801  0 @aCN@bPFT@c20060727
905    @a10447@dO1-64@e176≈2
    
    百分比数表/徐敏惠编.-上海:上海财政经济出版社,1959.12
    180页;20cm
    
    
    ISBN :CNY0.80
    
●
相关链接 在E读中查询图书 在五车中查询图书 在当当中查询图书 在豆瓣中查询图书


正题名:百分比数表     索取号:O1-64/176≈2         预约/预借

序号 登录号 条形码 馆藏地/架位号 状态 备注
1 0442423   204424239   密集书库/ [索取号:O1-64/176≈2] 在馆    
唐山师范学院图书馆 欢迎您!
大连网信软件有限公司© 版权所有